| 000 | 00984nam a2200229 a 4500 | ||
|---|---|---|---|
| 001 | 83167 | ||
| 003 | BD-RjUL | ||
| 005 | 20240227125049.0 | ||
| 008 | 240227s2012 ii ||||| |||| 00| 0 ben d | ||
| 020 | _a9788124707081 | ||
| 035 | _a(BD-RjUL)83167 | ||
| 040 |
_aBD-RjUL _beng _cBD-RjUL |
||
| 041 | _aben | ||
| 082 |
_223 _a491.25 _bBAS 2012 |
||
| 100 |
_aবন্দ্যোপাধ্যায়, ধীরেন্দ্রনাথ _911937 |
||
| 245 |
_aসংস্কৃত অলঙ্কারশাস্ত্র : _bতত্ত্ব ও সমীক্ষা / _cধীরেন্দ্রনাথ বন্দ্যোপাধ্যায় |
||
| 260 |
_aকলকাতা : _bপশ্চিমবঙ্গ রাজ্য পুস্তক পর্ষৎ, _c২০১২ |
||
| 300 |
_a৪৭২ পৃ.; _c২২ সেমি. |
||
| 650 |
_aসংস্কৃত _vব্যাকরণ _911938 |
||
| 650 |
_aSanskrit _vGrammar _911939 |
||
| 942 |
_2ddc _cBK |
||
| 999 |
_c83167 _d83167 |
||